000 00745nam a2200217Ii 4500
003 JO-AjNU
008 230606s9999||||xx |||||||||||||| ||und||
020 _a978-0-367-87206-9
040 _aJO-AjNU
_beng
_erda
_cJO-AjNU
041 _aeng
050 1 4 _aBP131.8.D8713 2019
100 3 _aDurakovic, Esad/Translated Amila Karahasanovic,
_eauthor
_96206
245 0 4 _aThe Poetics of Ancient and Classical Arabic Literature: Orientology
250 _a1ed
264 3 1 _aNew York and London:Routledge,2019
300 _a262p
336 _atext
_btxt
_2rdacontent
337 _aunmediated
_bn
_2rdamedia
338 _avolume
_bnc
_2rdacarrier
650 4 _aQur,an as Literature Poerics Arabic poervy-History and criticism Islamic Literature
_96207
999 _aE3220
_c3216
_d3216